Statistics for Megacities by Containing Letters in 15 Seconds

Click here to take the quiz!

General Stats

  • This quiz has been taken 297 times
  • The average score is 16 of 23

Answer Stats

World City % Correct
N
98%
I
97%
O
96%
E
94%
A
93%
K | R
90%
T
89%
C
88%
Y
87%
S
83%
W
81%
G
78%
L
72%
J
64%
B
58%
H
55%
D
52%
M
45%
U
43%
P
29%
X | Z
22%

Score Distribution

Percentile by Number Answered

Percent of People with Each Score

Your Score History

You have not taken this quiz